Der Croÿ-Teppich der Ernst-Moritz-Arndt-Universität Greifswald - national wertvolles Kulturgut Deutschlands

Titel: Der Croÿ-Teppich der Ernst-Moritz-Arndt-Universität Greifswald - national wertvolles Kulturgut Deutschlands / Birgit Dahlenburg, Rita Sauer
Verfasser: ;
In: Pommern, Band 52, Heft 3 (2014), Seite 42-47
alle Artikel anzeigen
Veröffentlicht: [2014]
Umfang: Illustrationen
Format: Aufsatz
Sprache: Deutsch
Schlagworte:
Kein Bild verfügbar
X
alg: 42839912
001A    $03025:11-04-18 
001B    $01999:11-04-18 $t23:21:05.000 
001C    $03025:11-04-18 $t12:10:26.000 
001D    $03025:11-04-18 
001U    $0utf8 
001X    $00 
002@    $0Aou 
002C    $aText $btxt $2rdacontent 
002D    $aohne Hilfsmittel zu benutzen $bn $2rdamedia 
002E    $aBand $bnc $2rdacarrier 
003@    $0428399126 
007A    $0428399126 $aHEB 
010@    $ager 
010E    $erda 
011@    $a2014 $n[2014] 
021A    $aDer @Croÿ-Teppich der Ernst-Moritz-Arndt-Universität Greifswald - national wertvolles Kulturgut Deutschlands $hBirgit Dahlenburg, Rita Sauer 
028A    $BVerfasser $#Handschel, Birgit $4aut $7111403456 $8Dahlenburg, Birgit$Z1959-2017 [Tp1] $9145941752 
028C    $BVerfasser $4aut $7 $8Sauer, Rita [Tnu] $9428399010 
031A    $d52 $e3 $h42-47 $j2014 
034M    $aIllustrationen 
039B    $aEnthalten in $8--Abvc--. Pommern. - Greifswald : Pommersche Stiftung für historische Bildung, 1967-. - ISSN 0032-4167 $x201400000520003958 $9048244473 
044K    $RKönigliche Universität zu Greifswald $RErnst-Moritz-Arndt-Universität Greifswald $#Universität zu Greifswald $#Preussische Universität Greifswald $#Preuss. Universität Greifswald $#Universität Greifswald Preußische Universität zu Greifswald $71118630025 $8Preußische Universität zu Greifswald [Tb1] $9390409774 
044K    $74387626-2 $8$aCroy-Teppich [Tu1] $9088440443 
044K    $RKulturerbe $#Cultural property $#Patrimoine culturel $#Patrimonio cultural $#Kulturgüter $#Kulturhistorischer Gegenstand $#Kulturgüter $74139819-1 $8Kulturgut [Ts1] $9085533831 
045T    $a7,41 $a8,1 

lok: 42839912 78

exp: 42839912 78 1 #EPN
201B/01 $011-04-18 $t12:03:29.000 
201C/01 $011-04-18 
201U/01 $0utf8 
203@/01 $01020979143 
208@/01 $a11-04-18 $be 
209A/01 $a/ $f000 $x00 
209A/01 $ab*p $x01 
220C/01 $awma 
244Z/01 $#Pommern $#Pommern $#Herzogtum Pommern $#Herzogthum Pommern $#Provinz Pommern $#Pomorze $74046744-2 $8--Tg1--Pommern $x06 $9085130354 
247C/01 $82080>Marburg/Lahn, Herder-Institut, Forschungsbibliothek, Bibliographieportal $9336309341
LEADER 00000caa a2200000 c 4500
001 428399126
003 DE-603
005 20180411232105.0
007 tu
008 180411s2014 xx |||| | u00||u|ger c
035 |a (DE-599)HEB428399126 
040 |a DE-603  |b ger  |c DE-603  |d DE-603  |e rda 
041 |a ger 
084 |a 7,41  |a 8,1  |2 ssgn 
100 1 |a Dahlenburg, Birgit  |d 1959-2017  |e Verfasser  |4 aut  |0 (DE-603)145941752  |0 (DE-588)111403456  |2 gnd 
245 0 0 |a ˜Derœ Croÿ-Teppich der Ernst-Moritz-Arndt-Universität Greifswald - national wertvolles Kulturgut Deutschlands  |c Birgit Dahlenburg, Rita Sauer 
264 0 |c [2014] 
300 |b Illustrationen 
336 |a Text  |b txt  |2 rdacontent 
337 |a ohne Hilfsmittel zu benutzen  |b n  |2 rdamedia 
338 |a Band  |b nc  |2 rdacarrier 
610 1 7 |a Preußische Universität zu Greifswald  |2 gnd  |0 (DE-588)1118630025  |0 (DE-603)390409774 
630 0 7 |a Croy-Teppich  |0 (DE-588)4387626-2  |0 (DE-603)088440443  |2 gnd 
650 7 |a Kulturgut  |0 (DE-588)4139819-1  |0 (DE-603)085533831  |2 gnd 
700 1 |a Sauer, Rita  |e Verfasser  |4 aut  |0 (DE-603)428399010 
773 0 8 |i Enthalten in  |t Pommern  |d Greifswald : Pommersche Stiftung für historische Bildung, 1967-  |h 30 cm  |x 0032-4167  |g Band 52, Heft 3 (2014), Seite 42-47  |w (DE-603)048244473  |w (DE-600)958645-3 
924 0 |9 2080  |a (DE-603)1020979143  |b DE-2080  |c HES  |d d  |g /